[Event "AUT-ch U16 Girls"]
[Site "Sankt Veit an der Glan"]
[Date "2019.04.15"]
[Round "3"]
[White "Oberberger, Sandra"]
[Black "Katter, Katharina"]
[Result "0-1"]
[WhiteElo "1479"]
[BlackElo "1792"]
[PlyCount "116"]
[EventDate "2019.04.14"]
[EventType "swiss"]
[EventRounds "7"]
[EventCountry "AUT"]
[SourceTitle "CBM 190 Extra"]
[Source "ChessBase"]
[SourceDate "2019.07.15"]
[SourceVersion "1"]
[SourceVersionDate "2019.07.15"]
[SourceQuality "1"]

1. c4 Nf6 2. Nc3 g6 3. g3 Bg7 4. Bg2 d6 5. e3 0-0 6. Nf3 e5 7. 0-0 c6 8. d4 Qe7 9. Re1 a5 10. b3 Re8 11. Ba3 e4 12. Nd2 Bf5 13. Qc2 Nbd7 14. Qd1 Nf8 15. f3 exf3 16. Nxf3 Bh6 17. Bc1 Ne4 18. Nxe4 Bxe4 19. a3 Nd7 20. Ra2 Nf6 21. h3 Qd7 22. g4 Bxf3 23. Bxf3 Ne4 24. Bxe4 Rxe4 25. Qf3 Rae8 26. Qf2 Qe7 27. Rae2 Bg5 28. Qf3 Bh4 29. Rf1 Bg5 30. Rfe1 Bf6 31. Bb2 Bg7 32. Kg2 Qe6 33. Kf2 b5 34. Rc1 Bf6 35. Qg3 Bxd4 36. Bxd4 Rxd4 37. c5 dxc5 38. Rxc5 Re4 39. Rc3 Qf6+ 40. Qf3 Qxc3 41. h4 Kg7 42. g5 Qe5 43. Qf6+ Qxf6+ 44. gxf6+ Kxf6 45. Rc2 R8e6 46. Re2 Rxh4 47. Kg3 Rhe4 48. Rf2+ Kg7 49. Kg2 Rxe3 50. Kf1 Re1+ 51. Kg2 R1e2 52. Kf1 Rxf2+ 53. Kxf2 Kf6 54. Kg3 Kf5 55. Kf3 Re4 56. Kf2 Kg4 57. Kf1 Kg3 58. Kg1 Re1# 0-1